01340nam a2200361 i 450000100060000000300020000600500170000800600190002500700150004400800410005902000280010003500220012804000310015005000220018108000100020308200140021310000400022724500770026726400480034430000410039233600310043333700330046433800430049750400290054058800830056959001620065265000280081465500270084279700180086985600630088794200110095099900170096177266020241217151351.0m o u cr cn|||||||||230821s2023 sp ob 000 0 spa d a9788411037051q(e-book) a(OCoLC)1394962431 aFINmELBbspaerdacFINmELB14aHF5549bJ617 2023 a658.304a658.32231 aJiménez García, Alicia,eautor.10aGestión auxiliar de personal :bADGG0308 /cAlicia Jiménez García. 1aAntequera, Málaga :bIC Editorial,c2023. a1 recurso en línea (341 páginas) atextobtxt2rdacontent/spa acomputadorabc2rdamedia/spa arecurso en líneabcr2rdacarrier/spa aContiene bibliografía. aDescripción basada en metadatos suministrados por el editor y otras fuentes. aRecurso electrónico. Santa Fe, Arg.: elibro, 2023. Disponible vía World Wide Web. El acceso puede estar limitado para las bibliotecas afiliadas a elibro. 4aGestión del personal. 4aLibros electrónicos.2 aelibro, Corp.40uhttps://elibro.net/ereader/politecnicointernacional/231353 cLIBROS c77266d77266